[Event "Valpovo op U20"]
[Site "Valpovo"]
[Date "2009.12.06"]
[Round "7"]
[White "Kaksa, Antonio"]
[Black "Sucic, Mihael"]
[Result "0-1"]
[WhiteElo "1862"]
[BlackElo "1915"]
[PlyCount "76"]
[EventDate "2009.12.04"]
[EventType "swiss"]
[EventRounds "7"]
[EventCountry "CRO"]
[SourceTitle "CBM 133 Extra"]
[Source "ChessBase"]
[SourceDate "2010.01.05"]
[SourceVersion "1"]
[SourceVersionDate "2010.01.05"]
[SourceQuality "1"]

1. c4 c5 2. Nc3 Nc6 3. d3 d6 4. Bd2 g6 5. g3 Bg7 6. Bg2 e5 7. Nf3 Nge7 8. 0-0 0-0 9. Rb1 f5 10. a3 a5 11. Ne1 Be6 12. Nc2 f4 13. b4 axb4 14. axb4 cxb4 15. Nxb4 fxg3 16. hxg3 Qd7 17. Nbd5 Rab8 18. Nb6 Qd8 19. Bg5 h6 20. Bd2 Nf5 21. Ne4 Qe7 22. e3 h5 23. Qc2 Nh6 24. c5 d5 25. Nd6 d4 26. Bd5 Bxd5 27. Nxd5 Qd7 28. Qc4 Kh7 29. exd4 Nxd4 30. Kg2 Qg4 31. f4 h4 32. Be1 exf4 33. Nxf4 g5 34. Rb6 gxf4 35. Ne4 hxg3 36. Rxh6+ Kxh6 37. Rh1+ Kg6 38. Nxg3 fxg3 0-1

[Event "Treber Memorial 5th"]
[Site "Vinkovci"]
[Date "2008.09.06"]
[Round "3"]
[White "Kaksa, Antonio"]
[Black "Hamzic, Adil"]
[Result "1-0"]
[WhiteElo "1864"]
[BlackElo "1874"]
[PlyCount "59"]
[EventDate "2008.09.05"]
[EventType "swiss"]
[EventRounds "9"]
[EventCountry "CRO"]
[SourceTitle "CBM 126 Extra"]
[Source "ChessBase"]
[SourceDate "2008.11.05"]
[SourceVersion "1"]
[SourceVersionDate "2008.11.05"]
[SourceQuality "1"]

1. d4 d5 2. c4 c6 3. Nc3 Nf6 4. Bf4 e6 5. e3 Nbd7 6. Nf3 dxc4 7. Bxc4 Nb6 8. Bb3 Nbd5 9. Nxd5 cxd5 10. 0-0 Be7 11. Rc1 0-0 12. Qd3 Bd7 13. Rc2 a5 14. a3 a4 15. Ba2 b5 16. Ne5 Nh5 17. Nxd7 Nxf4 18. Qxb5 Re8 19. exf4 Bf6 20. Ne5 g6 21. Rfc1 Be7 22. Rc7 Rb8 23. Qxa4 Rxb2 24. Bb3 Kg7 25. g3 Qb8 26. Bd1 Ra2 27. Rb7 Qxb7 28. Qxe8 Bf6 29. Nd7 Qb4 30. axb4 1-0

[Event "CRO-ch U17"]
[Site "Bjelolasica"]
[Date "2007.08.02"]
[Round "5"]
[White "Skific, Danijel"]
[Black "Kaksa, Antonio"]
[Result "1-0"]
[WhiteElo "1750"]
[BlackElo "1760"]
[PlyCount "67"]
[EventDate "2007.07.30"]
[EventType "swiss"]
[EventRounds "9"]
[EventCountry "CRO"]
[SourceTitle "CBM 119 Extra"]
[Source "ChessBase"]
[SourceDate "2007.09.04"]
[SourceVersion "1"]
[SourceVersionDate "2007.09.04"]
[SourceQuality "1"]

1. e4 c5 2. c3 d6 3. d4 cxd4 4. cxd4 Nf6 5. Nc3 g6 6. Nf3 Bg7 7. Be2 a6 8. 0-0 0-0 9. Bg5 Nbd7 10. Qd2 b5 11. e5 dxe5 12. dxe5 Ng4 13. Nd5 f6 14. exf6 exf6 15. Bf4 Nge5 16. Rac1 Nb6 17. Nxb6 Nxf3+ 18. Bxf3 Qxb6 19. Bxa8 Rd8 20. Qe3 Qxe3 21. Bxe3 Be6 22. Bb7 Bxa2 23. Rc8 Rxc8 24. Bxc8 a5 25. Rd1 f5 26. Rd8+ Kf7 27. Rd7+ Kg8 28. Bb7 Bxb2 29. Bd5+ Bxd5 30. Rxd5 a4 31. Rxb5 a3 32. Ra5 Kf7 33. Ra6 Ke8 34. Bc5 1-0

[Event "CRO-chT U20 16th"]
[Site "Sv Filip i Jakov"]
[Date "2007.04.11"]
[Round "3"]
[White "Djuric, Dario"]
[Black "Kaksa, Antonio"]
[Result "1-0"]
[WhiteElo "1852"]
[BlackElo "1771"]
[PlyCount "65"]
[EventDate "2007.04.10"]
[EventType "team-tourn"]
[EventRounds "11"]
[EventCountry "CRO"]
[SourceTitle "EXT 2010"]
[Source "ChessBase"]
[SourceDate "2010.11.25"]
[SourceVersion "1"]
[SourceVersionDate "2010.11.25"]
[SourceQuality "1"]

1. e4 c5 2. c3 d6 3. d4 cxd4 4. cxd4 Nf6 5. Nc3 a6 6. Nf3 g6 7. Bc4 Bg7 8. 0-0 0-0 9. Re1 Nbd7 10. e5 dxe5 11. dxe5 Ng4 12. e6 Nde5 13. exf7+ Nxf7 14. Qb3 Bd4 15. Ne4 Qb6 16. Qxb6 Bxb6 17. h3 Nf6 18. Neg5 e6 19. Bxe6 Bxe6 20. Rxe6 Nd5 21. Nxf7 Kxf7 22. Re5 Nc7 23. Bf4 Kg8 24. Bg3 h6 25. Re7 Rf7 26. Rxf7 Kxf7 27. Ne5+ Kg7 28. Nd7 Ba5 29. b4 Rd8 30. Nb8 Bb6 31. Rc1 Rxb8 32. Bxc7 Rc8 33. Be5+ 1-0

[Event "CRO-chT U20 16th"]
[Site "Sv Filip i Jakov"]
[Date "2007.04.10"]
[Round "1"]
[White "Jelic, Ivan"]
[Black "Kaksa, Antonio"]
[Result "1-0"]
[WhiteElo "1953"]
[BlackElo "1771"]
[PlyCount "140"]
[EventDate "2007.04.10"]
[EventType "team-tourn"]
[EventRounds "11"]
[EventCountry "CRO"]
[SourceTitle "EXT 2010"]
[Source "ChessBase"]
[SourceDate "2010.11.25"]
[SourceVersion "1"]
[SourceVersionDate "2010.11.25"]
[SourceQuality "1"]

1. e4 c5 2. Nf3 d6 3. Nc3 Nf6 4. d4 cxd4 5. Nxd4 a6 6. f3 g6 7. Be3 Bg7 8. Qd2 Nc6 9. 0-0-0 Bd7 10. g4 b5 11. g5 Nh5 12. Nxc6 Bxc6 13. Bd4 0-0 14. Bxg7 Nxg7 15. f4 Rb8 16. Nd5 Bxd5 17. Qxd5 Qc7 18. Bh3 Qb7 19. f5 Qb6 20. Qd4 Qxd4 21. Rxd4 f6 22. Rg1 Kh8 23. Rd5 gxf5 24. exf5 Nh5 25. Rd4 fxg5 26. Rxg5 Nf6 27. Rg3 Rg8 28. Rc3 Rbc8 29. Rxc8 Rxc8 30. Bg2 Rc5 31. Be4 Kg7 32. Bd3 Nd7 33. b4 Rc7 34. Rh4 Ne5 35. f6+ Kxf6 36. Bxh7 Rc4 37. Rxc4 Nxc4 38. Be4 d5 39. Bxd5 Nd6 40. Kd2 Ke5 41. Bc6 Kf4 42. Bd7 e5 43. a4 Kf3 44. axb5 axb5 45. Ke1 e4 46. Bc6 Kf4 47. Ke2 Nf5 48. c3 Nd6 49. Kf2 Ke5 50. h4 Kf4 51. h5 Kg5 52. Ke3 Kxh5 53. Bxe4 Kg5 54. Bc6 Kf6 55. Kd4 Ke7 56. Kc5 Nc8 57. Bxb5 Kd8 58. Ba6 Ne7 59. b5 Kc7 60. b6+ Kb8 61. c4 Nf5 62. Kc6 Ng7 63. Kd7 Nf5 64. c5 Nd4 65. c6 Ka8 66. b7+ Ka7 67. Kc7 Ne6+ 68. Kc8 Nc7 69. b8Q+ Kxa6 70. Kxc7 Ka5 1-0

[Event "CRO-chT U20 15th"]
[Site "Sv Filip i Jakov"]
[Date "2006.04.21"]
[Round "6"]
[White "Kaksa, Antonio"]
[Black "Runjic, Bartul"]
[Result "1-0"]
[WhiteElo "1743"]
[BlackElo "1728"]
[PlyCount "77"]
[EventDate "2006.04.18"]
[EventType "team-tourn"]
[EventRounds "9"]
[EventCountry "CRO"]
[SourceTitle "CBM 111 Extra"]
[Source "ChessBase"]
[SourceDate "2006.05.09"]
[SourceVersion "1"]
[SourceVersionDate "2006.05.09"]
[SourceQuality "1"]

1. Nf3 c5 2. e3 Nc6 3. c4 g6 4. Be2 Bg7 5. 0-0 d6 6. Nc3 Nf6 7. d3 0-0 8. Bd2 d5 9. cxd5 Nxd5 10. Nxd5 Qxd5 11. Bc3 e5 12. e4 Qd6 13. a3 b6 14. Qd2 Ba6 15. Rfd1 Rad8 16. Qc2 Bc8 17. Bf1 Bg4 18. Be2 Bxf3 19. Bxf3 h5 20. Rab1 b5 21. b4 Rc8 22. Qb3 Nd4 23. Bxd4 Qxd4 24. bxc5 Rxc5 25. Qb4 Rd8 26. Be2 Rc2 27. Kf1 Bf8 28. Qxd4 Rxd4 29. Rxb5 Bc5 30. Ra5 f6 31. Rb1 Bb6 32. Rab5 Ra4 33. Rxb6 Rxa3 34. Rb7 Raa2 35. Bf3 g5 36. Rd7 Rxf2+ 37. Ke1 Rae2+ 38. Bxe2 Rxe2+ 39. Kxe2 1-0

[Event "CRO-chT U20 15th"]
[Site "Sv Filip i Jakov"]
[Date "2006.04.19"]
[Round "3"]
[White "Kaksa, Antonio"]
[Black "Dubrovic, Mihovil"]
[Result "1/2-1/2"]
[WhiteElo "1743"]
[BlackElo "1689"]
[PlyCount "43"]
[EventDate "2006.04.18"]
[EventType "team-tourn"]
[EventRounds "9"]
[EventCountry "CRO"]
[SourceTitle "CBM 111 Extra"]
[Source "ChessBase"]
[SourceDate "2006.05.09"]
[SourceVersion "1"]
[SourceVersionDate "2006.05.09"]
[SourceQuality "1"]

1. e4 e5 2. Nf3 Nc6 3. d4 exd4 4. Nxd4 Nge7 5. Nxc6 Nxc6 6. Bc4 Bc5 7. 0-0 d6 8. Nc3 Be6 9. Bd5 Qe7 10. Bxe6 fxe6 11. Re1 0-0-0 12. Be3 Bxe3 13. Rxe3 Rdf8 14. a3 Qf7 15. f3 Qf4 16. Re2 Rf6 17. Qd2 Rhf8 18. Qxf4 Rxf4 19. Rd2 Ne5 20. Rf2 g5 21. Ne2 R4f6 22. b3 1/2-1/2